| 000 | 01067amm a2200301 4500 | ||
|---|---|---|---|
| 008 | 140615t2014 o | cat d | ||
| 041 | _acat | ||
| 041 | _bfre | ||
| 041 | _bspa | ||
| 080 | _a796(038) | ||
| 245 |
_aVocabulari de didàctica de l’educació física _h[en línia] _c Xarxa Vives d’Universitats; Serveis Lingüístics de la Universitat de Barcelona; Servei de Llengua i Terminologia de la Universitat de Lleida |
||
| 250 | _a2a ed. | ||
| 260 |
_aCastelló de la Plana _bXarxa Vives d'Universitats |
||
| 260 |
_aBarcelona _bUniversitat de Barcelona. Serveis Lingüístics |
||
| 260 |
_aLleida _bUniversitat de Lleida. Servei de Llengua i Terminologia _c2014 |
||
| 500 | _aCategoria gramatical | ||
| 520 | _a436 | ||
| 592 | _aObra terminològica | ||
| 593 | _aRM | ||
| 593 | _aVA | ||
| 650 |
_adidàctica _960521 |
||
| 650 |
_aeducació física _966480 |
||
| 856 | _uhttps://www.ub.edu/ubterm/obra/educacio-fisica/ | ||
| 901 | _c<2014> | ||
| 902 | _a140615 | ||
| 942 |
_cMO _n0 _2ddc |
||
| 999 |
_c68485 _d68485 |
||